00440nam a2200181 a 4500001001300000003000900013005001700022008004100039020001000080082001500090100001400105245003200119260003700151300000900188500003500197650001200232700001400244nice12345678IN_TiNIC20260116014835.0070824s2006 dela grp 000 0 eng  ac39500a291.4bDHA aDhar, T N aOn the Path of Spirituality aDelhibMittal Publication c2006 a171p aincludes index and biblioraphy aJainism1 aDhar, T N